Journal of Indian writing in English : V.24 (Record no. 80168)

MARC details
000 -LEADER
fixed length control field 00380nam a2200145Ia 4500
008 - FIXED-LENGTH DATA ELEMENTS--GENERAL INFORMATION
fixed length control field 230917s9999||||xx |||||||||||||| ||und||
040 ## - CATALOGING SOURCE
-- 58461
Original cataloging agency VIVEKANANDA LIBRARY
041 ## - Language
-- English
082 ## - DDC NUMBER
Classification number 820.9 G959J
100 ## - MAIN ENTRY--PERSONAL NAME
Personal name Gupta, G S Balarma, ed
245 #0 - TITLE STATEMENT
Title Journal of Indian writing in English : V.24
260 ## - PUBLICATION, DISTRIBUTION, ETC. (IMPRINT)
Place of publication, distribution, etc Gulbarga
Name of publisher, distributor, etc Gulbarga University
Date of publication, distribution, etc 1996
300 ## - PHYSICAL DESCRIPTION
Pages 65 p.
942 ## - ADDED ENTRY ELEMENTS (KOHA)
Koha item type Books
Holdings
Withdrawn status Lost status Damaged status Not for loan Location (home branch) Sublocation or collection (holding branch) Date acquired Koha issues (times borrowed) Koha full call number Accession No. Koha date last seen Koha item type
        VIVEKANANDA LIBRARY VIVEKANANDA LIBRARY 27/12/2002   820.9 G959J 156706 17/09/2023 Books
© Designed and Maintained by Vivekananda Library, MDU Rohtak